| 000 | 01582cam a2200409 a 4500 | ||
|---|---|---|---|
| 003 | CHAP | ||
| 005 | 20251215091626.0 | ||
| 008 | 990617d1994 mx a r 00110 spa d | ||
| 010 | _a78305 | ||
| 011 | _a79277 | ||
| 020 | _a9684962797 | ||
| 035 | _a89482 | ||
| 040 | _cCHAP | ||
| 082 | 0 | 4 |
_a972.46 _bR8 |
| 100 | 1 | 0 |
_aRuvalcaba Mercado, Jesús _ecomp. _9101009 |
| 245 | 1 | 0 |
_aCongregaciones civiles de Tulancingo _c/comp. por Jesús Ruvalcaba y Ariane Baroni |
| 260 |
_aMéxico, D.F. : _bCentro de Investigación y Estudios Superiores en Antropología Social, _c1994. |
||
| 300 |
_a196 p. : _bilus. |
||
| 410 | 2 | _aCentro de Investigaciones y Estudios Superiores en Antropología Social. México | |
| 490 | 0 | _aColección Miguel Othón de Mendizábal | |
| 590 |
_aBATCH-UPD _b10 _c20130110 _lUCH01 _h0548 |
||
| 590 |
_aBATCH-UPD _b10 _c20130110 _lUCH01 _h2329 |
||
| 590 |
_aBATCH-UPD _b10 _c20130410 _lUCH01 _h0229 |
||
| 590 |
_aBATCH-UPD _b10 _c20130410 _lUCH01 _h1618 |
||
| 590 |
_aBATCH-UPD _b10 _c20130914 _lUCH01 _h0539 |
||
| 590 |
_aBATCH-UPD _b10 _c20130914 _lUCH01 _h2129 |
||
| 590 |
_aCONVERSION _b10 _c20130109 _lUCH01 _h1343 |
||
| 650 | 1 | 4 |
_aAgricultura _zHidalgo. _91928 |
| 650 | 1 | 4 |
_aHidalgo _xHistoria. _955176 |
| 700 | 0 |
_aBaroni Boissonas, Ariane _ecomp. _910294 |
|
| 810 | 2 | _aCentro de Investigaciones y Estudios Superiores en Antropología Social. México | |
| 830 | 0 |
_aColección Miguel Othón de Mendizábal _924926 |
|
| 901 | _aBK | ||
| 905 | _aBlanca M. García O. | ||
| 942 | _cLIBRO | ||
| 949 |
_a972.46 R8 _bBC _cLIBRO _d33724000726667 _eLIBRO _h95768 _i89482 _kCanje _sb |
||
| 999 |
_c78305 _d78305 |
||